000 00435nam a2200157Ia 4500
008 210716s1994 xx 000 0 und d
020 _a0024154334
041 _aeng
082 _a004.6 STAW
100 _aStallings, William;Slyke, Richard Van.
245 _aBusiness data communications.
250 _a2
260 _aNew York
_bMacmillan College Publishing Company
_c1994
300 _axix,658
650 _aBusiness Communication
999 _c202931
_d202931